রামতনু লাহিড়ী ও তৎকালীন সমাজ ব্যবস্থা/ (Record no. 18096)
[ view plain ]
| 000 -LEADER | |
|---|---|
| fixed length control field | 00949nam a22002057a 4500 |
| 003 - CONTROL NUMBER IDENTIFIER | |
| control field | BDDh-ASL |
| 005 - DATE AND TIME OF LATEST TRANSACTION | |
| control field | 20231015025700.0 |
| 008 - FIXED-LENGTH DATA ELEMENTS--GENERAL INFORMATION | |
| fixed length control field | 200919b1957 ||||| |||| 00| 0 d |
| 040 ## - CATALOGING SOURCE | |
| Original cataloging agency | BDDh-ASL |
| Transcribing agency | BDDh-ASL |
| Modifying agency | BDDh-ASL |
| 041 ## - LANGUAGE CODE | |
| Language code of text/sound track or separate title | bengali |
| 082 ## - DEWEY DECIMAL CLASSIFICATION NUMBER | |
| Classification number | 303.48209 |
| Item number | SAR |
| 100 ## - MAIN ENTRY--PERSONAL NAME | |
| 9 (RLIN) | 933 |
| Personal name | শাস্ত্রী, শিবনাথ |
| 245 1# - TITLE STATEMENT | |
| Title | রামতনু লাহিড়ী ও তৎকালীন সমাজ ব্যবস্থা/ |
| Statement of responsibility, etc. | শিবনাথ শাস্ত্রী। |
| 246 ## - VARYING FORM OF TITLE | |
| Title proper/short title | Ramtun Lahiri O Totkalin Bangasamaj. |
| 260 ## - PUBLICATION, DISTRIBUTION, ETC. | |
| Place of publication, distribution, etc. | কলিকাতা: |
| Name of publisher, distributor, etc. | নিউ এজ পাবলিশার্স প্রাঃ লিঃ, |
| Date of publication, distribution, etc. | ১৯৫৭ |
| 300 ## - PHYSICAL DESCRIPTION | |
| Extent | ৩৬০ পৃষ্ঠা: |
| Dimensions | ২২ সে. মি.। |
| 500 ## - GENERAL NOTE | |
| General note | নির্ঘন্ট সংযুক্ত। |
| 650 #0 - SUBJECT ADDED ENTRY--TOPICAL TERM | |
| 9 (RLIN) | 934 |
| Topical term or geographic name entry element | রামতনু লাহিড়ী |
| General subdivision | সমাজ ব্যবস্থা |
| 942 ## - ADDED ENTRY ELEMENTS (KOHA) | |
| Source of classification or shelving scheme | Dewey Decimal Classification |
| Koha item type | Books |
| Withdrawn status | Lost status | Source of classification or shelving scheme | Damaged status | Not for loan | Collection code | Home library | Current library | Shelving location | Date acquired | Source of acquisition | Total Checkouts | Full call number | Barcode | Date last seen | Copy number | Price effective from | Koha item type | Public note |
|---|---|---|---|---|---|---|---|---|---|---|---|---|---|---|---|---|---|---|
| Dewey Decimal Classification | Not For Loan | Non-fiction | Asiatic Society Library | Asiatic Society Library | General Stacks | 09/19/2020 | Donated by Prof. (Dr.) M. Abdul Qayyum & Dr. Razia Sultana | 303.48209 SAR | 101255 | 09/19/2020 | C-1 | 09/19/2020 | Books | |||||
| Dewey Decimal Classification | Non-fiction | Asiatic Society Library | Asiatic Society Library | Wakil Ahmed Collection | 03/06/2023 | Donated by Prof. Wakil Ahmed | 303.48209 SAR | 119368 | 03/06/2023 | C-2 | 03/06/2023 | Books | ||||||
| Dewey Decimal Classification | Not For Loan | Asiatic Society Library | Asiatic Society Library | Wakil Ahmed Collection | 03/06/2023 | Donated by Prof. Wakil Ahmed | 303.48209 SAR | 119414 | 03/06/2023 | C-3 | 03/06/2023 | Books | RARE |